Novo direito processual civil: (Record no. 629)
[ view plain ]
| 000 -LÍDER | |
|---|---|
| Campo Fixo de Controle | 00923nam a2200253 a 4500 |
| 001 - NÚMERO DE CONTROLE | |
| Campo de Controle | 629 |
| 003 - IDENTIFICAÇÃO DO NÚMERO DE CONTROLE | |
| Campo de Controle | BR-CuiBMT |
| 005 - DATA E HORA DA ÚLTIMA ATUALIZAÇÃO | |
| Campo de Controle | 20231110231856.0 |
| 008 - DADOS FIXOS | |
| Dados Fixos | 231110s2016 bab 000 0 por d |
| 020 ## - INTERNATIONAL STANDARD BOOK NUMBER | |
| Nº do ISBN | 9788544211601 |
| 040 ## - AGÊNCIA CATALOGADORA | |
| Código da Agência Catalogadora | BR-CuiBMT |
| Agência que transcreveu o registro | BR-CuiBMT |
| 080 ## - Nº DA CLASSIFICAÇÃO DECIMAL UNIVERSAL | |
| Nº edição CDU | 2007 |
| Nº Class. CDU | 347.91/.95(079.1) |
| Subd. Auxiliar Comum | (079.1) |
| 090 ## - NÚMERO DE CHAMADA | |
| Nº classificação | 347.91/.95 (079.1) |
| Cutter | M141n |
| 100 1# - ENTRADA PRINCIPAL -- AUTOR PESSOAL | |
| Nome pessoal | Macêdo, Lucas Buril de |
| 245 ## - TÍTULO PRINCIPAL | |
| Título principal | Novo direito processual civil: |
| Subtítulo | questões comentadas / |
| Indicação de responsabilidade | Lucas Buril de Macêdo, Ravi Peixoto, Murilo Teixeira Avelino. |
| 260 ## - PUBLICAÇÃO, DISTRIBUIÇÃO, ETC. | |
| Local de publicação | Salvador: |
| Editora | JusPODIVM, |
| Data | 2016 |
| 300 ## - DESCRIÇÃO FÍSICA | |
| N. páginas ou volumes | 584 p. ; |
| Dimensões | 23 cm |
| 500 ## - NOTAS GERAIS | |
| Notas gerais | Questões inéditas e de concursos públicos adaptadas, todas com base no Novo Código de processo civil, respondidas e comentadas. |
| 504 ## - NOTA DE BIBLIOGRAFIA, ETC. | |
| Nota de bibliografia | inclui bibliografia. |
| 650 ## - ASSUNTO TÓPICO | |
| Cabeçalho tópico ou nome geográfico | Direito processual civil |
| Subdivisão geral | Questões comentadas |
| 700 ## - ENTRADA SECUNDÁRIA -- NOME PESSOAL | |
| Nome pessoal | Peixoto, Ravi |
| 700 ## - ENTRADA SECUNDÁRIA -- NOME PESSOAL | |
| Cód. do termo explicativo | Avelino, Murilo Teixeira |
| 942 ## - ELEMENTOS DE ENTRADA ADICIONAIS (KOHA) | |
| Fonte de classificação ou esquema de arquivamento | Classificação Decimal Universal |
| Tipo de item do Koha | Livros |
| Estado: removido | Estado: perdido | Fonte de classificação ou esquema de arquivamento | Estado: danificado | Indisponível para empréstimo | Localização permanente | Localização atual | Data de aquisição | Total Checkouts | Número de Chamada completo | Código de barras | Date last seen | Número do exemplar | Preço efetivo a partir de | Tipo de item (Koha) |
|---|---|---|---|---|---|---|---|---|---|---|---|---|---|---|
| Classificação Decimal Universal | Biblioteca da Escola Superior de Contas do TCE/MT | Biblioteca da Escola Superior de Contas do TCE/MT | 10/11/2023 | 347.91/.95(079.1) M141n | BIBTCEMT23110451 | 10/11/2023 | Ex. 1 | 10/11/2023 | Livros |